Central Library OPAC University of Rajshahi

Hazlitt and the spirit of the age: (Record no. 20806)

MARC details
000 -LEADER
fixed length control field 00923cam a2200289 4500
001 - CONTROL NUMBER
control field 20806
003 - CONTROL NUMBER IDENTIFIER
rucl marc code BD-RjUL
005 - DATE AND TIME OF LATEST TRANSACTION
control field 20211209000620.0
008 - FIXED-LENGTH DATA ELEMENTS--GENERAL INFORMATION
fixed length control field 140302t1971 enk b 001 0 eng
020 ## - INTERNATIONAL STANDARD BOOK NUMBER
International Standard Book Number 0198120141
035 ## - SYSTEM CONTROL NUMBER
System control number (BD-RjUL)20868
040 ## - CATALOGING SOURCE
Original cataloging agency DLC
Transcribing agency DLC
Modifying agency DLC
-- DLC
-- BD-RjUL
Language of cataloging eng
041 ## - LANGUAGE CODE
Language code of text/sound track or separate title eng
082 00 - DEWEY DECIMAL CLASSIFICATION NUMBER
Classification number 801
Author mark and year PAH 1971
100 1# - MAIN ENTRY--PERSONAL NAME
Personal name Park, Roy.
9 (RLIN) 64255
245 10 - TITLE STATEMENT
Title Hazlitt and the spirit of the age:
Remainder of title abstraction and critical theory /
260 ## - PUBLICATION, DISTRIBUTION, ETC. (IMPRINT)
Place of publication, distribution, etc. Oxford :
Name of publisher, distributor, etc. Clarendon Press,
Date of publication, distribution, etc. 1971.
300 ## - PHYSICAL DESCRIPTION
Pagination x, 259 p. ;
Size 23 cm.
350 ## - PRICE (NR) (BK AM CF MU VM SE) [OBSOLETE]
Price £4.00
504 ## - BIBLIOGRAPHY, ETC. NOTE
Bibliography, etc Bibliographical reference and index.
600 10 - SUBJECT ADDED ENTRY--PERSONAL NAME
Personal name Hazlitt, William,
Dates associated with a name 1778-1830
General subdivision Aesthetics.
650 #0 - SUBJECT ADDED ENTRY--TOPICAL TERM
Topical term or geographic name as entry element Criticism
Geographic subdivision Great Britain
General subdivision History
Chronological subdivision 19th century.
9 (RLIN) 53221
Topical term or geographic name as entry element English literature
Chronological subdivision 19th century
General subdivision History and criticism
-- Theory, etc.
9 (RLIN) 64257
942 ## - ADDED ENTRY ELEMENTS (KOHA)
Source of classification or shelving scheme Dewey Decimal Classification
Koha item type Books
Holdings
Lost status Source of classification or shelving scheme Damaged status Not for loan Collection code Permanent Location Current Location Shelving location Date acquired Source of acquisition Cost, normal purchase price Total Checkouts Full call number Date last seen Copy number Koha item type
  Dewey Decimal Classification   Not For Loan Non-fiction Central Library, University of Rajshahi Central Library, University of Rajshahi Reading Room 11/07/1977 W. heffers & sons 4.00   801 PAH 1971 02/03/2014 C-1 Books
  Dewey Decimal Classification     Non-fiction Central Library, University of Rajshahi Central Library, University of Rajshahi   11/07/1977 Heffers 4.00   801 PAH 1971 04/03/2014 C-4 Books
  Dewey Decimal Classification     Non-fiction Central Library, University of Rajshahi Central Library, University of Rajshahi   11/07/1977 Heffers and Sons. 4.00   801 PAH 1971 09/03/2014 C-3 Books
  Dewey Decimal Classification     Non-fiction Central Library, University of Rajshahi Central Library, University of Rajshahi   11/07/1977 Heffers and Sons 4.00   801 PAH 1971 13/02/2020 C-2 Books
  Dewey Decimal Classification     Non-fiction Central Library, University of Rajshahi Central Library, University of Rajshahi   11/07/1977 Heffers and Sons 4.00   801 PAH 1971 13/02/2020 C-5 Books
  Dewey Decimal Classification     Non-fiction Central Library, University of Rajshahi Central Library, University of Rajshahi   11/07/1977 Heffer & sons , London 4.00   801 PAH 1971 24/02/2020 C-6 Books